000 00763nam a2200277 a 4500
003 AR-BaBNM
005 20251128203149.0
008 082120s2002 ||||||||||||||000 | spa||
040 _cAR-BaBNM
100 1 _aDíaz Guevara, Marco A.
245 0 0 _aLa vida de Don Miguel Antonio Caro
260 _aBogotá
_bInstituto Caro y Cuervo
_c1984
300 _a317 p.
_bil., láms.
490 0 _aLa granada entreabierta
_vv. 36
650 4 _aBIOGRAFIAS
650 4 _aHISTORIA POLITICA
650 4 _aPERIODO INDEPENDIENTE
650 4 _aHISTORIA LITERARIA
650 4 _aHISTORIA SOCIAL
650 4 _aCIENCIAS POLITICAS
651 4 _aColombia
655 _aBIOGRAFIAS
700 1 _aSantamaría Dávila, Miguel
_eprologuista
942 _cBK
998 _cmariana
999 _c2185
_d2185